000 01223nam0a2200337 4500
001 RU\NLR\BIBL_A\010904496
005 20250624200744.0
010 _a978-5-389-10454-9
_94000
021 _aRU
_b2015-83855
_95119
035 _a(NILC)RuMoRGB-008054263
035 _a(NLR Aleph) 010904496
090 _a10607178
_c10607178
100 _a20151120d2015 |||y0rusy50 ca
101 1 _arus
_ceng
102 _aRU
105 _ay|||z||||01ay
200 1 _aСтарикам тут не место
_eроман
_fКормак Маккарти
_g[пер. с англ. Валерия Минушина]
210 _aСанкт-Петербург
_cАзбука
_cАзбука-Аттикус
_d2015
215 _a252, [1] с.
_d18
225 1 _aАзбука-Классика
320 _aДр. произведения авт. в аннот.
333 _a18+
675 _a821.111(73)
686 1 _aШ6(7США)67-440.4{Лх1979-50}
700 1 _7ca
_8rus
_aМаккарти
_bК.
_f1933-2023
_gКормак
_9239433
_3RU\NLR\AUTH\770239489
801 0 _aRU
_bРГБ
_c20151028
_gRCR
801 1 _aRU
_bРГБ
_c20151028
_2rusmarc
942 _cBOOK
980 _aNB